[Event "Stay Safe Play From Home 343"]
[Site "Emanuel Lasker Arena"]
[Date "2020.07.30"]
[Round "1"]
[White "NTBT_DHS"]
[Black "SoulofWolf"]
[Result "1-0"]
[WhiteElo "2581"]
[BlackElo "2068"]
[Annotator "TA"]
[PlyCount "85"]
[EventDate "2020.07.30"]
[EventType "swiss (blitz)"]

{[%evp 9,84,48,124,61,126,123,360,-100,66,-41,243,252,255,90,238,229,240,225,312,320,388,384,624,609,621,622,835,415,416,383,952,936,931,630,897,701,689,704,1057,693,670,608,710,705,840,834,803,745,676,545,523,451,553,545,797,494,493,487,541,526,776,399,991,593,1091,1062,1039,996,1273,1243,29989,29990,29997,29998,29998,29992,29999]} 1. e4 e6 2. Nf3 c5 3. d4 a6 4. Nc3 b5 5. d5 b4 (5... Nf6 $14) 6. Nb1 {[#] B40: Sicilian: 2...e6, Unusual lines.} (6. Na4 $16) 6... exd5 $146 (6... d6 $14) ({Predecessor:} 6... Nf6 7. Qd3 a5 8. c4 exd5 9. cxd5 Ba6 10. Qc2 Bxf1 11. Kxf1 d6 12. g3 Be7 {1-0 (44) Vojtek,V (2386)-Strachan,J (2185) Nove Zamky 1999}) 7. Qxd5 $16 Ra7 $2 (7... Nc6 $16) 8. Ne5 $2 (8. Qe5+ $18 Qe7 9. Qxb8 {[%mdl 64] Double Attack} Qxe4+ 10. Be3) 8... Qe7 $2 (8... d6 $17 {And now ...Nf6 would win.} 9. Nf3 Nf6) 9. Bc4 ({Better is} 9. Bf4 $1 $14) 9... Nf6 $2 {[%mdl 8192] Black is on the road to losing.} (9... d6 $1 $15 {keeps the upper hand.} 10. Nf3 Nf6) 10. Qxf7+ $18 Qxf7 11. Nxf7 $2 (11. Bxf7+ $18 Kd8 12. Bb3) 11... Rg8 (11... d5 $16) 12. Ng5 Rh8 13. O-O h6 14. Nf7 Rg8 {intending ...d5.} 15. e5 Ne4 $2 (15... Bb7 16. Rd1 (16. exf6 d5 $18) 16... d5) 16. Re1 Bb7 17. f3 Ng5 18. Nd6+ (18. Bxg5 $142 hxg5 19. Nd6+ Bxd6 20. exd6+ Kf8 21. Bxg8) 18... Bxd6 19. exd6+ ({Don't take} 19. Bxg8 Be7 $18) 19... Kf8 $2 (19... Ne6 20. Be3 Bc6) 20. Bxg5 hxg5 21. Re7 Bc6 22. Nd2 {[#] Rae1 would kill now.} Bb5 23. Bxg8 Kxg8 24. Rae1 Nc6 25. Re8+ Kh7 26. Ne4 Kg6 27. Nxc5 Nd4 28. R1e7 Nf5 29. Re5 Nxd6 30. Rf8 Nf7 31. Re7 Nd6 32. Ne4 Nxe4 33. fxe4 {[%mdl 4096] Endgame KRR-KRB} ({Not} 33. Rxe4 Rc7 $18) 33... Bc6 34. e5 Rb7 35. g4 b3 $2 (35... Bd5 36. Rd8 Be6) 36. axb3 Rb5 37. h3 Rd5 38. Rff7 Rd1+ 39. Kf2 Rd2+ {[#]} 40. Ke3 $1 {White mates.} Rd1 41. Rxg7+ Kh6 42. Rgf7 {[%cal Rf7f6]} Kg6 43. Rf6# {Accuracy: White = 43%, Black = 18%.} 1-0

[Event "Stay Safe Play From Home 343"]
[Site "Emanuel Lasker Arena"]
[Date "2020.07.30"]
[Round "1"]
[White "Lamborghini"]
[Black "TheCHESSHOUSE"]
[Result "0-1"]
[WhiteElo "2286"]
[BlackElo "2176"]
[Annotator "TA"]
[PlyCount "72"]
[EventDate "2020.07.30"]
[EventType "swiss (blitz)"]

{[%evp 9,72,18,20,10,33,8,33,4,6,10,53,48,55,50,48,-12,67,21,39,-47,-32,-55,-55,-76,0,0,0,-264,-200,-220,152,-191,-172,-245,-218,-1050,-998,-2329,-2183,-29986,-29987,-29991,-29988,-29992,-3572,-2474,-808,-1102,-762,-1670,-424,-397,-106,-134,-29,-1370,0,0,0,-29989,-29990,-29991,-29992,-29993,-29990]} 1. e4 g6 2. d4 Bg7 3. Nc3 a6 4. Bf4 d6 5. Qd2 b5 6. O-O-O {B06: Modern Defence.} Nd7 7. f3 Bb7 8. h4 {White is slightly better.} h5 9. Nh3 {[#]} Nb6 $146 ({Predecessor:} 9... c5 10. dxc5 Nxc5 11. Be3 Rc8 12. Kb1 Qc7 13. Nf4 Nf6 14. Ncd5 Nxd5 15. exd5 Na4 {0-1 (22) Lecky,J (2067)-Berek,G (2224) Slovakia 2018}) 10. Ng5 Nf6 11. Kb1 O-O 12. b3 (12. Bd3 $14) 12... c6 ({Black should try} 12... Qc8 $11) 13. Be3 (13. g4 $5) 13... a5 14. Qf2 (14. Ne2 $14) 14... a4 $15 15. d5 axb3 16. cxb3 Nbd7 (16... c5 $1 $17 {And now ...b4 would win.} 17. Nxb5 (17. Bxb5 Ne8 $14) 17... Nfd7) 17. dxc6 $11 Bxc6 18. g4 $2 {[%mdl 8192]} (18. Nxb5 $11 {and White has nothing to worry.} d5 19. Rc1) 18... hxg4 19. h5 Ne5 $2 (19... Nxh5 20. fxg4 Qa5 21. Nd5) (19... gxh5 $19 {aiming for ...Qa5.} 20. Bxb5 Qa5 21. Bxc6 Qxc3) 20. hxg6 $2 (20. h6 $16 {is necessary to keep the advantage.}) 20... fxg6 $19 {...Qa5 is the strong threat.} 21. f4 {[#]} (21. Bxb5 Bxb5 22. Nxb5 Qa5) (21. Qc2 $142) 21... Nf3 $1 {[%mdl 512]} 22. Be2 $2 (22. Bxb5 Bxb5 23. Nxb5) (22. Nxf3 Nxe4) 22... Nxg5 23. fxg5 Nxe4 {[%mdl 64] Discovered Attack} 24. Qh2 Nxc3+ 25. Kc2 Be4+ 26. Bd3 Bxd3+ (26... Rxa2+ $142 27. Kc1 Ne2+ $1 {[%mdl 512]} 28. Qxe2 Ra1+ 29. Kc2 Qc8+ 30. Bc5 Qxc5+ {[%mdl 64] Double Attack} 31. Kd2 Bc3+ 32. Kc2 Be1+ 33. Kb2 Qc3#) 27. Kxd3 Rf7 28. Qh7+ Kf8 29. Qxg6 Qd7 (29... Nxd1 $142 30. Rxd1 Qa5) 30. Rdf1 {[%csl Gf1][%cal Rg6f7]} e5 $2 ({Not} 30... e6 31. Bd4 $1 $17 {[%mdl 512]}) (30... Rf3 $1 $19 {is more deadly.} 31. Rxf3+ gxf3) 31. Kxc3 $17 e4+ ({But not} 31... Rxa2 32. Rxf7+ Qxf7 33. Qxd6+ Kg8 34. g6 $15) ({Reject} 31... Qc6+ $6 32. Kb4 $11) (31... Rxf1 $17 32. Rxf1+ Kg8) 32. Bd4 $2 {[%mdl 8192]} (32. Kb4 $11) 32... Rc8+ $2 {[#]} (32... Bxd4+ $19 33. Kd2 Rxa2+ 34. Ke1 Rf3 35. Rxf3+ exf3) 33. Kd2 $1 $11 {[%mdl 512] Bxg7+ would kill now.} Bxd4 $40 {[%mdl 128] [#] White needs to defend precisely.} 34. Rh8+ $2 {[%mdl 8192]} (34. Rf6 $1 $11 {[%mdl 512]} Be3+ {[%mdl 64] Decoy} (34... Bxf6 35. gxf6) 35. Kxe3 Qa7+ {[%mdl 64] Double Attack} 36. Kxe4 Re8+ 37. Kf5 Qf2+ 38. Kxg4 Qg2+ 39. Kf4 Qf2+ 40. Kg4 Qg2+ 41. Kf4 Qf2+ 42. Kg4) 34... Bxh8 {Black mates.} 35. Rxf7+ Qxf7 36. Qxd6+ Qe7 {Accuracy: White = 27%, Black = 57%.} 0-1

[Event "Stay Safe Play From Home 343"]
[Site "Emanuel Lasker Arena"]
[Date "2020.07.30"]
[Round "1"]
[White "Little champs"]
[Black "Edmatuag"]
[Result "1-0"]
[WhiteElo "2235"]
[BlackElo "1711"]
[Annotator "TA"]
[PlyCount "49"]
[EventDate "2020.07.30"]
[EventType "swiss (blitz)"]

{[%evp 9,49,31,72,71,72,45,54,20,57,55,58,56,70,57,98,72,239,228,275,0,12,0,796,774,832,830,935,897,910,887,1043,1030,1172,1170,1142,1157,1406,1158,1502,1324,2102,1447]} 1. d4 d6 2. e4 c6 3. Nf3 Nd7 4. Be2 Qc7 5. O-O g6 6. c4 {B12: Caro-Kann: Advance Variation.} Bg7 {[#]} 7. b3 $146 {[%cal Bb2b3,Bb3b4][%mdl 32]} ({Predecessor:} 7. Nc3 Ngf6 8. Be3 O-O 9. Nd2 e5 10. d5 c5 11. g4 Ne8 12. Kh1 Kh8 13. Rg1 Ndf6 {0-1 (36) Vassallo Barroche,M (2378)-Rotstein,A (2489) Llucmajor 2017}) 7... e5 8. Bb2 {White is slightly better.} Ne7 9. Nc3 O-O 10. d5 Re8 11. Rc1 Nf8 12. b4 f5 $2 {[#]} (12... Bg4 $16) 13. c5 $1 $18 {Strongly threatening Bc4.} fxe4 14. cxd6 $2 (14. Nxe4 $18 Nxd5 15. cxd6 (15. Nxd6 Re7 $18)) 14... Qxd6 $11 {[%mdl 64] Double Attack} 15. Nxe4 Qxd5 $2 {[%mdl 8192]} (15... Qxb4 $11 16. dxc6 Nxc6 17. Qb3+ Qxb3 18. axb3 Be6) 16. Bc4 $18 {[%mdl 64] Pin. White is clearly winning.} Be6 17. Bxd5 Bxd5 18. Nd6 {[%cal Be4d6,Bd6b7,Bb7c5,Bc5e6][%mdl 32]} Red8 19. Nxb7 Rd7 20. Nc5 Rd6 21. Bxe5 Bxe5 22. Nxe5 Rad8 23. Qg4 Kg7 24. Rfd1 Ne6 25. Nxe6+ {[%mdl 64] Remove Defender. Accuracy: White = 63%, Black = 42%.} 1-0

[Event "Stay Safe Play From Home 343"]
[Site "Emanuel Lasker Arena"]
[Date "2020.07.30"]
[Round "1"]
[White "Buzaglo"]
[Black "Trotsky"]
[Result "1-0"]
[WhiteElo "1851"]
[BlackElo "1476"]
[Annotator "NA RC"]
[PlyCount "71"]
[EventDate "2020.07.30"]
[EventType "swiss (blitz)"]

1. d4 {[%emt 0:00:01]} d5 {[%emt 0:00:01]} 2. Nf3 {[%emt 0:00:03]} e6 {[%emt 0:00:01]} 3. g3 {[%emt 0:00:00]} c5 {[%emt 0:00:01]} 4. Bg2 {[%emt 0:00:00]} Nc6 {[%emt 0:00:01]} 5. O-O {[%emt 0:00:00]} Bd6 {[%emt 0:00:01]} 6. dxc5 {[%emt 0:00:01]} Bxc5 {[%emt 0:00:01]} 7. c4 {[%emt 0:00:00]} Nf6 {[%emt 0:00:02]} 8. cxd5 {[%emt 0:00:01]} exd5 {[%emt 0:00:01]} 9. Nc3 {[%emt 0:00:00]} Be6 {[%emt 0:00:01]} 10. e3 {[%emt 0:00:02]} a6 {[%emt 0:00:00]} 11. Nd4 {[%emt 0:00:01]} Qc7 {[%emt 0:00:01]} 12. Nxe6 {[%emt 0:00:01]} fxe6 {[%emt 0:00:01]} 13. Bd2 {[%emt 0:00:01]} O-O-O {[%emt 0:00:01]} 14. Rc1 {[%emt 0:00:02]} h5 {[%emt 0:00:01]} 15. Na4 {[%emt 0:00:01]} Bd6 {[%emt 0:00:01]} 16. h4 {[%emt 0:00:02]} Ng4 {[%emt 0:00:01]} 17. e4 {[%emt 0:00:02]} Bxg3 {[%emt 0:00:01]} 18. fxg3 {[%emt 0:00:01]} Qxg3 {[%emt 0:00:01]} 19. Bf4 {[%emt 0:00:04]} Qxh4 {[%emt 0:00:04]} 20. Rxc6+ {[%emt 0:00:04]} bxc6 {[%emt 0:00:02]} 21. exd5 {[%emt 0:00:01]} g5 {[%emt 0:00:02]} 22. Be5 {[%emt 0:00:03]} Rxd5 {[%emt 0:00:05]} 23. Qf3 {[%emt 0:00:04]} Rhd8 {[%emt 0:00:04]} 24. Bg3 {[%emt 0:00:04]} Rf5 {[%emt 0:00:05]} 25. Bxh4 {[%emt 0:00:01]} Rxf3 {[%emt 0:00:02]} 26. Rxf3 {[%emt 0:00:00]} gxh4 {[%emt 0:00:02]} 27. Bh3 {[%emt 0:00:01]} Ne5 {[%emt 0:00:02]} 28. Re3 {[%emt 0:00:02]} Rd1+ {[%emt 0:00:02]} 29. Kh2 {[%emt 0:00:02]} Nc4 {[%emt 0:00:01]} 30. Rxe6 {[%emt 0:00:02]} Rd2+ {[%emt 0:00:02]} 31. Kh1 {[%emt 0:00:01]} Rd1+ {[%emt 0:00:02]} 32. Kh2 {[%emt 0:00:01]} Rd2+ {[%emt 0:00:01]} 33. Bg2 {[%emt 0:00:00]} Rd3 {[%emt 0:00:02]} 34. Rxc6+ {[%emt 0:00:00]} Kb7 {[%emt 0:00:01]} 35. Rxc4+ {[%emt 0:00:00]} Ka7 {[%emt 0:00:06]} 36. Rc7+ {[%emt 0:00:02] . Âðåìÿ (Lag: Av=0.41s, max=1.0s)} 1-0

[Event "Stay Safe Play From Home 343"]
[Site "Emanuel Lasker Arena"]
[Date "2020.07.30"]
[Round "1"]
[White "Padmaesh M K"]
[Black "Justwatch"]
[Result "1-0"]
[WhiteElo "1820"]
[BlackElo "1704"]
[Annotator "NA RC"]
[PlyCount "25"]
[EventDate "2020.07.30"]
[EventType "swiss (blitz)"]

1. Nf3 {[%emt 0:00:01]} d5 {[%emt 0:00:34]} 2. d4 {[%emt 0:00:02]} e6 {[%emt 0:00:00]} 3. Bf4 {[%emt 0:00:01]} Nc6 {[%emt 0:00:00]} 4. e3 {[%emt 0:00:01]} Bd7 {[%emt 0:00:00]} 5. Bb5 {[%emt 0:00:01]} Nb8 {[%emt 0:00:02]} 6. Qe2 {[%emt 0:00:02]} Bxb5 {[%emt 0:00:04]} 7. Qxb5+ {[%emt 0:00:00]} Nd7 {[%emt 0:00:01]} 8. Ne5 {[%emt 0:00:02]} Ngf6 {[%emt 0:00:05]} 9. Qxb7 {[%emt 0:00:02]} Bd6 {[%emt 0:00:07]} 10. Nxd7 {[%emt 0:00:03]} Nxd7 {[%emt 0:00:01]} 11. Bxd6 {[%emt 0:00:02]} cxd6 {[%emt 0:00:01]} 12. Nd2 {[%emt 0:00:01]} Qa5 {[%emt 0:00:04] Justwatch terk eder} 13. O-O {[%emt 0:00:03] (Lag: Av=0.58s, max=1.3s)} 1-0

[Event "Stay Safe Play From Home 343"]
[Site "Emanuel Lasker Arena"]
[Date "2020.07.30"]
[Round "1"]
[White "Haris kollari 13"]
[Black "AChessPlayer"]
[Result "0-1"]
[WhiteElo "1663"]
[BlackElo "2406"]
[Annotator "NA RC"]
[PlyCount "58"]
[EventDate "2020.07.30"]
[EventType "swiss (blitz)"]

1. e4 {[%emt 0:00:20]} d6 {[%emt 0:00:01]} 2. f4 {[%emt 0:00:00]} Nf6 {[%emt 0:00:00]} 3. Nf3 {[%emt 0:00:00]} c5 {[%emt 0:00:01]} 4. d3 {[%emt 0:00:02]} Nc6 {[%emt 0:00:00]} 5. Nc3 {[%emt 0:00:01]} Bg4 {[%emt 0:00:00]} 6. Be3 {[%emt 0:00:03]} e6 {[%emt 0:00:01]} 7. Be2 {[%emt 0:00:01]} a6 {[%emt 0:00:03]} 8. O-O {[%emt 0:00:01]} Be7 {[%emt 0:00:00]} 9. h3 {[%emt 0:00:01]} Bxf3 {[%emt 0:00:01]} 10. Bxf3 {[%emt 0:00:00]} O-O {[%emt 0:00:02]} 11. Qd2 {[%emt 0:00:00]} d5 {[%emt 0:00:01]} 12. e5 {[%emt 0:00:01]} d4 {[%emt 0:00:01]} 13. exf6 {[%emt 0:00:02]} Bxf6 {[%emt 0:00:02]} 14. Ne4 {[%emt 0:00:02]} dxe3 {[%emt 0:00:01]} 15. Qxe3 {[%emt 0:00:01]} Bd4 {[%emt 0:00:01]} 16. Rfe1 {[%emt 0:00:04]} Bxe3+ {[%emt 0:00:01]} 17. Rxe3 {[%emt 0:00:00]} Nd4 {[%emt 0:00:00]} 18. Rc1 {[%emt 0:00:03]} Rc8 {[%emt 0:00:01]} 19. c3 {[%emt 0:00:01]} Nxf3+ {[%emt 0:00:01]} 20. Rxf3 {[%emt 0:00:01]} b5 {[%emt 0:00:00]} 21. a3 {[%emt 0:00:01]} Qd5 {[%emt 0:00:01]} 22. g4 {[%emt 0:00:01]} Rfd8 {[%emt 0:00:01]} 23. Kf2 {[%emt 0:00:01]} c4 {[%emt 0:00:01]} 24. Re3 {[%emt 0:00:05]} cxd3 {[%emt 0:00:01]} 25. Rd1 {[%emt 0:00:01]} Rc4 {[%emt 0:00:02]} 26. Rdxd3 {[%emt 0:00:02]} Qxd3 {[%emt 0:00:00]} 27. Rxd3 {[%emt 0:00:01]} Rxd3 {[%emt 0:00:00]} 28. Ng3 {[%emt 0:00:05]} Rxf4+ {[%emt 0:00:00]} 29. Ke2 {[%emt 0:00:01]} Rxg3 {[%emt 0:00:00] . Time (Lag: Av=0.62s, max=1.6s)} 0-1

[Event "Stay Safe Play From Home 343"]
[Site "Emanuel Lasker Arena"]
[Date "2020.07.30"]
[Round "1"]
[White "Mamba2001de"]
[Black "Stefanone"]
[Result "0-1"]
[WhiteElo "1500"]
[BlackElo "2039"]
[Annotator "NA RC"]
[PlyCount "68"]
[EventDate "2020.07.30"]
[EventType "swiss (blitz)"]

1. e4 {[%emt 0:00:01]} e6 {[%emt 0:00:02]} 2. Nf3 {[%emt 0:00:01]} b6 {[%emt 0:00:00]} 3. d4 {[%emt 0:00:02]} Bb7 {[%emt 0:00:00]} 4. Nc3 {[%emt 0:00:03]} Nf6 {[%emt 0:00:00]} 5. Bd3 {[%emt 0:00:02]} Be7 {[%emt 0:00:01]} 6. Qe2 {[%emt 0:00:01]} d5 {[%emt 0:00:01]} 7. e5 {[%emt 0:00:02]} Nfd7 {[%emt 0:00:01]} 8. O-O {[%emt 0:00:01]} c5 {[%emt 0:00:01]} 9. dxc5 {[%emt 0:00:02]} bxc5 {[%emt 0:00:00]} 10. Nb5 {[%emt 0:00:03]} O-O {[%emt 0:00:02]} 11. Nd6 {[%emt 0:00:01]} Bc6 {[%emt 0:00:01]} 12. Re1 {[%emt 0:00:03]} Bxd6 {[%emt 0:00:01]} 13. exd6 {[%emt 0:00:02]} Nf6 {[%emt 0:00:01]} 14. c3 {[%emt 0:00:02]} Qxd6 {[%emt 0:00:01]} 15. Bc2 {[%emt 0:00:01]} Nbd7 {[%emt 0:00:01]} 16. Qd3 {[%emt 0:00:01]} g6 {[%emt 0:00:01]} 17. h4 {[%emt 0:00:01]} h5 {[%emt 0:00:01]} 18. Ng5 {[%emt 0:00:02]} Ng4 {[%emt 0:00:01]} 19. g3 {[%emt 0:00:03]} Nde5 {[%emt 0:00:02]} 20. Bf4 {[%emt 0:00:04]} Nxd3 {[%emt 0:00:03]} 21. Bxd6 {[%emt 0:00:01]} Nxe1 {[%emt 0:00:01]} 22. Bxf8 {[%emt 0:00:01]} Rxf8 {[%emt 0:00:00]} 23. Rxe1 {[%emt 0:00:02]} Rb8 {[%emt 0:00:01]} 24. Bb3 {[%emt 0:00:02]} c4 {[%emt 0:00:02]} 25. Bd1 {[%emt 0:00:03]} Rxb2 {[%emt 0:00:01]} 26. Bxg4 {[%emt 0:00:01]} hxg4 {[%emt 0:00:01]} 27. f4 {[%emt 0:00:04]} gxf3 {[%emt 0:00:01]} 28. Rf1 {[%emt 0:00:02]} d4 {[%emt 0:00:01]} 29. Nxf3 {[%emt 0:00:02]} d3 {[%emt 0:00:01]} 30. Nd4 {[%emt 0:00:01]} Bd5 {[%emt 0:00:01]} 31. Rd1 {[%emt 0:00:02]} Rxa2 {[%emt 0:00:02]} 32. Nc6 {[%emt 0:00:01]} Bxc6 {[%emt 0:00:02]} 33. Kf1 {[%emt 0:00:02]} Bd5 {[%emt 0:00:00]} 34. Ke1 {[%emt 0:00:01]} Ra3 {[%emt 0:00:00] Zeit (Lag: Av=0.30s, max=0.9s)} 0-1

[Event "Stay Safe Play From Home 343"]
[Site "Emanuel Lasker Arena"]
[Date "2020.07.30"]
[Round "1"]
[White "Klasman"]
[Black "Oznog"]
[Result "0-1"]
[WhiteElo "1295"]
[BlackElo "1753"]
[Annotator "NA RC"]
[PlyCount "46"]
[EventDate "2020.07.30"]
[EventType "swiss (blitz)"]

1. f4 {[%emt 0:00:01]} c5 {[%emt 0:00:01]} 2. Nf3 {[%emt 0:00:01]} Nc6 {[%emt 0:00:00]} 3. e4 {[%emt 0:00:01]} g6 {[%emt 0:00:02]} 4. d4 {[%emt 0:00:04]} cxd4 {[%emt 0:00:01]} 5. Nxd4 {[%emt 0:00:01]} Bg7 {[%emt 0:00:00]} 6. Nxc6 {[%emt 0:00:04]} bxc6 {[%emt 0:00:00]} 7. Nc3 {[%emt 0:00:01]} d6 {[%emt 0:00:01]} 8. Be3 {[%emt 0:00:01]} e6 {[%emt 0:00:01]} 9. Bd3 {[%emt 0:00:03]} Ne7 {[%emt 0:00:01]} 10. O-O {[%emt 0:00:01]} O-O {[%emt 0:00:00]} 11. g4 {[%emt 0:00:01]} f5 {[%emt 0:00:01]} 12. gxf5 {[%emt 0:00:07]} exf5 {[%emt 0:00:00]} 13. exf5 {[%emt 0:00:04]} Bxf5 {[%emt 0:00:00]} 14. Qf3 {[%emt 0:00:07]} Bxd3 {[%emt 0:00:04]} 15. cxd3 {[%emt 0:00:01]} d5 {[%emt 0:00:01]} 16. Bc5 {[%emt 0:00:03]} Re8 {[%emt 0:00:05]} 17. Rae1 {[%emt 0:00:01]} Nf5 {[%emt 0:00:02]} 18. d4 {[%emt 0:00:03]} Qd7 {[%emt 0:00:06]} 19. Rd1 {[%emt 0:00:02]} Re3 {[%emt 0:00:03]} 20. Qf2 {[%emt 0:00:02]} Rae8 {[%emt 0:00:02]} 21. Rde1 {[%emt 0:00:02]} Qe6 {[%emt 0:00:11]} 22. Rxe3 {[%emt 0:00:02]} Qxe3 {[%emt 0:00:00]} 23. Qxe3 {[%emt 0:00:01]} Rxe3 {[%emt 0:00:00] Time (Lag: Av=0.63s, max=1.2s)} 0-1

[Event "Stay Safe Play From Home 343"]
[Site "Emanuel Lasker Arena"]
[Date "2020.07.30"]
[Round "2"]
[White "Little champs"]
[Black "Padmaesh M K"]
[Result "1-0"]
[WhiteElo "2237"]
[BlackElo "1832"]
[Annotator "TA"]
[PlyCount "75"]
[EventDate "2020.07.30"]
[EventType "swiss (blitz)"]

{[%evp 17,75,14,117,-38,-40,-43,-18,-58,-58,-58,-48,-58,-47,-52,-39,-43,2,-44,-41,-30,-26,-33,171,81,244,80,100,99,518,531,536,523,679,543,641,413,864,857,831,737,926,899,950,915,1218,1196,1162,1149,2905,2691,3002,2994,2819,2018,1935,1746,1829,1723,2129,2077]} 1. d4 d5 2. e3 Nf6 3. c4 Bf5 4. Bd3 Bxd3 5. Qxd3 e6 6. Nc3 c6 7. Nf3 Bb4 8. O-O O-O 9. Bd2 Nbd7 (9... Qe7 $11) 10. cxd5 $2 {[#] D12: Slav Defence: 3 Nf3 Nf6 4 e3 Bf5.} (10. Nxd5 $1 $16 exd5 11. Bxb4) 10... exd5 $15 11. Rac1 Bd6 12. h3 {The position is equal.} Re8 {[#]} 13. Ne2 $146 ({Predecessor:} 13. Rfe1 Ne4 14. Re2 f5 15. g3 g5 16. Nh2 Qf6 17. Kg2 Kh8 18. f4 Qg6 19. Rg1 Rg8 20. Nf1 Ndf6 21. Kh2 Qh5 22. Reg2 Ng4+ {0-1 (22) Luz,J (1847)-Agdamus,J (2284) Vitoria 2003}) 13... Ne4 14. Rfd1 Ndf6 15. Be1 Qc7 16. a3 g5 17. b4 {[%cal Bb2b4,Bb4b5][%mdl 32]} g4 18. hxg4 Nxg4 19. b5 Nh2 $2 (19... Bh2+ $15 20. Kf1 Qd6) 20. Nh4 (20. bxc6 $18 {has better winning chances. Threatens to win with Ne5.} bxc6 21. Ne5 Bxe5 22. dxe5) 20... Qe7 $2 (20... Ng4 $16) 21. g3 $2 (21. f3 $18 {is the precise move to win.}) 21... Kh8 {[#] White must now prevent ...Rg8.} 22. Nf4 $1 ({Much worse is} 22. bxc6 $6 Rg8 $11) 22... Rg8 $2 {[%mdl 8192]} (22... Ng4 $16) 23. Kxh2 $18 Bxf4 24. exf4 f5 25. Qf3 Qf6 26. Bc3 Rg6 (26... Rg4 $142 27. Ng2 Qh6+ 28. Kg1 Rag8) 27. Nxg6+ {White is clearly winning.} Qxg6 28. Kg2 Rg8 29. Rh1 Kg7 30. Rh3 Kf7 31. Rch1 Rg7 32. Rh6 Nf6 33. Rxg6 hxg6 34. Bd2 Ne4 35. Be3 Ke6 36. Rh8 Re7 37. Rb8 Kf6 38. g4 {Accuracy: White = 42%, Black = 36%.} 1-0

[Event "Stay Safe Play From Home 343"]
[Site "Emanuel Lasker Arena"]
[Date "2020.07.30"]
[Round "2"]
[White "TheCHESSHOUSE"]
[Black "Buzaglo"]
[Result "1-0"]
[WhiteElo "2198"]
[BlackElo "1855"]
[Annotator "TA"]
[PlyCount "85"]
[EventDate "2020.07.30"]
[EventType "swiss (blitz)"]

{[%evp 10,84,19,6,46,43,39,4,14,-1,25,0,5,0,12,6,43,40,41,16,51,38,43,17,14,0,62,14,14,0,33,-15,15,-24,40,12,27,-87,28,15,507,510,510,502,483,463,523,508,592,592,612,613,679,664,676,584,1218,1212,1082,0,903,889,1489,655,1488,944,1293,1266,1329,658,973,792,29988,29989,29998,29999,29999]} 1. d4 e6 2. c4 d5 3. g3 Nf6 4. Bg2 c5 5. Nf3 cxd4 6. Nxd4 Bb4+ {E01: Catalan: Early deviations.} 7. Bd2 Bxd2+ 8. Nxd2 O-O {The position is equal.} 9. O-O Nc6 10. Nxc6 (10. N2f3 {is interesting.} Re8 11. cxd5 exd5 12. Rc1 Qb6 13. e3) 10... bxc6 11. Rc1 {[#]} Bb7 $146 ({Predecessor:} 11... Qb6 12. b3 e5 13. cxd5 cxd5 14. Nc4 Qe6 15. Ne3 Bb7 16. Rc7 Rab8 17. Qc2 Rfc8 {0-1 (31) Tonn,P (2103)-Frei,M (1951) Moerlenbach 2004}) 12. Qc2 Rc8 13. Rfd1 Qb6 14. e3 Rfd8 15. c5 Qa5 16. Nb3 {[%cal Bd2b3,Bb3d4,Bd4f3][%mdl 32]} Qc7 $1 17. Nd4 Qe5 (17... a5 $11) 18. Nf3 Qc7 19. Qa4 a6 20. Qh4 Rb8 21. b3 Bc8 ({Black should play} 21... e5 $11) 22. Qg5 h6 23. Qh4 (23. Qf4 $11 Qxf4 24. gxf4) 23... Qe7 (23... e5 $17) 24. Ne5 Re8 $2 {[%mdl 8192] White stays focused until the end.} (24... Qc7 $11 25. Qf4 Re8) 25. Nxc6 $18 {[%mdl 64] [#] Double Attack} Qc7 26. Nxb8 Qxb8 27. Qf4 Qa7 28. c6 a5 29. Qd4 Qa6 30. c7 Re7 31. Qc5 Rd7 32. Qc6 Qe2 33. Bf1 Qf3 34. Bg2 Qe2 35. Re1 Qg4 36. h3 (36. Qa8 $142 Kh7 37. Qxc8) 36... Qg5 37. e4 Nxe4 38. Bxe4 dxe4 39. Qxe4 (39. Qa8 $142 Rd3 40. Qxc8+ Kh7 41. Qb7 Rxg3+ 42. Kf1 (42. fxg3 Qxg3+ {[%mdl 64] Double Attack} 43. Kh1 Qxh3+ 44. Kg1 Qg3+ 45. Kh1 Qh3+ 46. Kg1 Qg3+ 47. Kh1 Qh3+ $11)) 39... Rd5 40. Red1 Rxd1+ 41. Rxd1 {White mates.} Bb7 42. Rd8+ {[%mdl 64] [#] Back Rank} Qxd8 43. cxd8=Q# {Accuracy: White = 51%, Black = 27%.} 1-0

[Event "Stay Safe Play From Home 343"]
[Site "Emanuel Lasker Arena"]
[Date "2020.07.30"]
[Round "2"]
[White "SoulofWolf"]
[Black "Klasman"]
[Result "1-0"]
[WhiteElo "2067"]
[BlackElo "1292"]
[Annotator "TA"]
[PlyCount "35"]
[EventDate "2020.07.30"]
[EventType "swiss (blitz)"]

{[%evp 9,35,9,80,74,82,60,66,50,57,-8,15,12,40,52,37,41,40,0,41,27,58,51,47,31,135,-285,-289,-290]} 1. e4 f5 2. Nc3 fxe4 3. Nxe4 Nf6 4. Nxf6+ exf6 {[#]} 5. Nf3 $146 ({Predecessor:} 5. d4 d5 6. Bd3 g6 7. Nf3 Bd6 8. O-O O-O 9. Bh6 Rf7 10. c4 c6 11. h3 {1-0 (60) Berger,J (1706)-Nithammer,W (1659) Playchess.com INT 2020}) 5... Bc5 (5... d5 $11) 6. d4 $16 {A00: Irregular Openings.} Bb6 7. c4 O-O 8. b4 {Strongly threatening c5.White is slightly better.} c6 9. Qb3 (9. Be3 $14) 9... Re8+ 10. Be3 {[#] aiming for c5+.} Kh8 11. Bd3 $36 {[%mdl 2048] White has the initiative.} d5 12. c5 Bc7 13. O-O-O Bg4 14. Qc2 g6 15. h3 Bxf3 16. gxf3 f5 {[#]} (16... a5 $14) 17. Bxf5 $2 {[%mdl 8192]} (17. h4 $1 $16 {is forced if you want to stay better.}) 17... gxf5 $19 18. Qxf5 {[%mdl 32768] Accuracy: White = 59%, Black = 59%. . Loss on time!?} 1-0